The drama of speech acts : Shakespeare's Lancastrian tetralogy /

Bibliographic Details
Main Author: Porter, Joseph A., 1942-
Format: Book
Language:English
Published: Berkeley : University of California Press, [1979]
Subjects:

MARC

Tag First Indicator Second Indicator Subfields
LEADER 00000cam a2200000 i 4500
001 in00000056383
005 20151007081922.0
008 800213s1979 cau b 00110 eng
010 |a  78057310  
020 |a 0520037022 
035 |a (OCoLC)05077799 
035 |9 AAF7100AM 
040 |a DLC  |c DLC  |d TXA  |d UtOrBLW 
049 |a TXAM  |c [1159781] 
050 0 0 |a PR2982  |b .P6 
082 0 |a 822.3/3 
100 1 |a Porter, Joseph A.,  |d 1942- 
245 1 4 |a The drama of speech acts :  |b Shakespeare's Lancastrian tetralogy /  |c by Joseph A. Porter. 
264 1 |a Berkeley :  |b University of California Press,  |c [1979] 
264 4 |c ©1979 
300 |a 208 pages ;  |c 23 cm. 
336 |a text  |b txt  |2 rdacontent 
337 |a unmediated  |b n  |2 rdamedia 
338 |a volume  |b nc  |2 rdacarrier 
500 |a Includes index. 
504 |a Bibliography: pages 190-200. 
600 1 0 |a Shakespeare, William,  |d 1564-1616  |x Histories. 
650 0 |a Speech acts (Linguistics) in literature. 
999 |a MARS 
999 f f |s 8448313f-6bff-3e80-b61a-b7ef06fb0352  |i 096fb12a-3773-3fd4-9794-df4c2f89fb56  |t 0 
952 f f |p normal  |a Texas A&M University  |b College Station  |c Sterling C. Evans Library  |d Evans: Library Stacks  |t 0  |e PR2982 .P6  |h Library of Congress classification  |i unmediated -- volume  |m A14803908979 
998 f f |a PR2982 .P6  |t 0  |l Evans: Library Stacks